LEADER 01177nam--2200361---450- 001 990005819190203316 005 20130320144534.0 010 $a978-88-495-2511-3 035 $a000581919 035 $aUSA01000581919 035 $a(ALEPH)000581919USA01 035 $a000581919 100 $a20130320d2012----km-y0itay50------ba 101 $aita 102 $aIT 105 $a||||||||001yy 200 1 $aIndagini genetiche preimpianto e procreazione medicalmente assistita$fFausata Scia 210 $aNapoli$cEdizioni Scientifiche italiane$d2012 215 $a104 p.$d2012 225 2 $aQuaderni de Il Foro napoletano$iQuaderni$v2 410 0$aQuaderni de Il Foro napoletano$iQuaderni$v, 2 606 0 $aFecondazione artificiale$xLegislazione$2BNCF 676 $a346.074 700 1$aSCIA,$bFausta$0476283 801 0$aIT$bsalbc$gISBD 912 $a990005819190203316 951 $aXXV.1.E. 84$b75881 G.$cXXV.1.E.$d00313905 959 $aBK 969 $aGIU 979 $aCHIARA$b90$c20130320$lUSA01$h1445 979 $aCHIARA$b90$c20150330$lUSA01$h1359 996 $aIndagini genetiche preimpianto e procreazione medicalmente assistita$91089254 997 $aUNISA LEADER 03952oam 22006015 450 001 9910781887703321 005 20231018223403.0 010 $a1-283-21146-7 010 $a9786613211460 010 $a0-8122-0129-9 024 7 $a10.9783/9780812201291 035 $a(CKB)2550000000051196 035 $a(OCoLC)759158279 035 $a(CaPaEBR)ebrary10492038 035 $a(SSID)ssj0000645323 035 $a(PQKBManifestationID)11377746 035 $a(PQKBTitleCode)TC0000645323 035 $a(PQKBWorkID)10683775 035 $a(PQKB)10511649 035 $a(DE-B1597)448984 035 $a(OCoLC)979630900 035 $a(DE-B1597)9780812201291 035 $a(MiAaPQ)EBC3441581 035 $a(PPN)25683492X 035 $a(EXLCZ)992550000000051196 100 $a20190708h20102004 fy 0 101 0 $aeng 135 $aur|||---||||| 181 $ctxt$2rdacontent 182 $cc$2rdamedia 183 $acr$2rdacarrier 200 10$aCreating East and West $eRenaissance humanists and the Ottoman Turks /$fNancy Bisaha 210 1$aPhiladelphia :$cUniversity of Pennsylvania Press,$d[2010] 210 4$dİ2004 215 $a1 online resource (309 pages) $cmap 300 $aBibliographic Level Mode of Issuance: Monograph 311 0 $a0-8122-1976-7 320 $aIncludes bibliographical references (pages 189-299) and index. 327 $tFrontmatter --$tContents --$tTime Line of Key Events in the Ottoman Advance --$tIntroduction --$t1. Crusade and Charlemagne: Medieval Influences --$t2. The New Barbarian: Redefining the 'lurks in Classical Terms --$t3. Straddling East and West: Byzantium and Greek Refugees --$t4. Religious Influences and Interpretations --$tEpilogue: The Renaissance Legacy --$tNotes --$tBibliography --$tIndex --$tAcknowledgments 330 $aAs the Ottoman Empire advanced westward from the fourteenth to the sixteenth centuries, humanists responded on a grand scale, leaving behind a large body of fascinating yet understudied works. These compositions included Crusade orations and histories; ethnographic, historical, and religious studies of the Turks; epic poetry; and even tracts on converting the Turks to Christianity. Most scholars have seen this vast literature as atypical of Renaissance humanism. Nancy Bisaha now offers an in-depth look at the body of Renaissance humanist works that focus not on classical or contemporary Italian subjects but on the Ottoman Empire, Islam, and the Crusades. Throughout, Bisaha probes these texts to reveal the significant role Renaissance writers played in shaping Western views of self and other.Medieval concepts of Islam were generally informed and constrained by religious attitudes and rhetoric in which Muslims were depicted as enemies of the faith. While humanist thinkers of the Renaissance did not move entirely beyond this stance, Creating East and West argues that their understanding was considerably more complex, in that it addressed secular and cultural issues, marking a watershed between the medieval and modern. Taking a close look at a number of texts, Bisaha expands current notions of Renaissance humanism and of the history of cross-cultural perceptions. Engaging both traditional methods of intellectual history and more recent methods of cross-cultural studies, she demonstrates that modern attitudes of Western societies toward other cultures emerged not during the later period of expansion and domination but rather as a defensive intellectual reaction to a sophisticated and threatening power to the East. 606 $aEast and West 606 $aHumanists 607 $aTurkey$xHistory$yOttoman Empire, 1288-1918 615 0$aEast and West. 615 0$aHumanists. 676 $a956.1/0151/004 700 $aBisaha$b Nancy$0620945 801 0$bDE-B1597 801 1$bDE-B1597 906 $aBOOK 912 $a9910781887703321 996 $aCreating East and West$91103402 997 $aUNINA LEADER 04643nam 2200637Ia 450 001 996213210203316 005 20230607221027.0 010 $a1-280-74776-5 010 $a9786610747764 010 $a0-470-70894-8 010 $a1-4051-2334-6 010 $a0-470-75101-0 010 $a1-4051-7210-X 035 $a(CKB)1000000000351729 035 $a(EBL)284308 035 $a(SSID)ssj0000132876 035 $a(PQKBManifestationID)11137268 035 $a(PQKBTitleCode)TC0000132876 035 $a(PQKBWorkID)10039545 035 $a(PQKB)10378066 035 $a(MiAaPQ)EBC284308 035 $a(OCoLC)184983314 035 $a(EXLCZ)991000000000351729 100 $a20030103d2002 uy 0 101 0 $aeng 135 $aur|n|---||||| 181 $ctxt 182 $cc 183 $acr 200 00$aPrinciples and practice$b[electronic resource] /$fedited by Peter Golob, Graham Farrell and John E. Orchard 210 $aOxford, UK ;$aMalden, MA $cBlackwell Science$d2002- 215 $a1 online resource (582 p.) 225 0 $aCrop post-harvest: science and technology ;$v1 300 $aDescription based upon print version of record. 311 $a0-632-05723-8 320 $aIncludes bibliographical references and index. 327 $aCrop Post-Harvest: Science and Technology; Contents; Contributors; Foreword; Preface; 1 Post-Harvest Systems in Agriculture; 2 Biology of Plant Commodities; 3 Physical Factors in Post-Harvest Quality; Properties of stored products; The principal physical factors; Water; Measurement of physical factors; Moisture content; 4 Biological Factors in Post-Harvest Quality; Post-harvest pests and the damage they cause; Pests of durable crops - insects and arachnids; Pests of durable crops - vertebrates; Pests of durable crops - moulds; Diseases and pests of perishable crops 327 $a5 Technology and Management of StorageStorage losses; Storage structures; Storage of horticultural produce; Selection of stores for durable commodities; Small-scale farm storage in the developing world; Transit or trader storage; Medium and large-scale storage; Storage management; 6 Pest Management; Safety; Insect control; Inert dusts; Botanicals; Rodent control; Bird control; Moulds and bacteria; Approaches to pest management in stored grain; 7 Remedial Treatments in Pest Management; Fumigation; Radiation disinfestation; Other methods of disinfestation and protection 327 $a8 Food Processing and PreservationFood preservation; Packaging; Flour; Oilseeds, oils and fats; Weaning foods; Animal feeds; 9 Food Systems; Access to food; Credit and storage; The case for food security reserves; Market access; Seed security; Food aid; 10 Applied Research and Dissemination; Extension methods and technology transfer in less developed countries; Farmer participation in assessing post-harvest needs; A methodological framework for combining quantitative and qualitative survey methods; Monitoring investment and the evaluation of impact 327 $aThe impact of post-harvest research on household food security11 Trade and International Agreements; The WTO and other international and regional organisations; International commodity agreements; Trade associations; Commercial practices; Ethical trade; Phytosanitary agreements, requirements and standards; Food safety and HACCP; Glossary; Appendix 1: Some Important Post-harvest Pests; Appendix 2: Some Important Post-harvest Pathogens; Appendix 3: Some Plants of Post-harvest Concern; Index; Colour Plates 330 $aWorld-wide losses of crops, post-harvest, through microbial action, pests, diseases and other types of spoilage amount to millions of tons every year. This essential handbook is the first in a three-volume series which covers all factors affecting post-harvest quality of all major fruits, vegetables, cereals and other crops. Compiled by members of the world-renowned Natural Resources Institute at the University of Greenwich, Chatham, UK, the comprehensive contents of this landmark publication encourage interactions between each sector of the agricultural community in order to improve food secu 606 $aCrops$xPostharvest technology 606 $aAgricultural processing 615 0$aCrops$xPostharvest technology. 615 0$aAgricultural processing. 676 $a631.56 701 $aGolob$b P$0941278 701 $aFarrell$b Graham$0939632 701 $aOrchard$b J. E$0939633 801 0$bMiAaPQ 801 1$bMiAaPQ 801 2$bMiAaPQ 906 $aBOOK 912 $a996213210203316 996 $aPrinciples and practice$92226365 997 $aUNISA